Lieblingsgetränke der Deutschen - Statistiken

Allgemein
  • Dieses Quiz wurde 1.048 mal gespielt
  • Das Durchschnittsergebnis liegt bei 12 aus 16
Antwortstatistiken
Getränk % Korrekt
Pils
98%
Weizen
98%
Mineralwasser
97%
Cola-Getränke
94%
Rotwein
90%
Weißwein
90%
Fruchtsäfte
81%
Kaffee
79%
Tee
76%
Alkoholfreies Bier
75%
Milch-/Joghurtgetränke
63%
Limonaden
56%
Sekt
51%
Energydrinks
43%
Kakaogetränke
41%
Eistee
40%
Keine übereinstimmenden Quizze gefunden
Verteilung der Resultate
Anzahl Personen mit jedem Resultat
Perzentil nach korrekt beantworteten Fragen
Ihre Resultats-Entwicklung
Sie haben dieses Quiz noch nicht gespielt